000 00346nam a2200169Ia 4500
100 _aSalivahanan/S
650 _aDSP
250 _a2
942 _cBK
366 _f25
245 _aDigital signal processing
260 _bTata Mc Graw hill Ltd.
_c2010
082 _a621.3822
_bSAL
300 _a923
546 _aENGLISH
_cTTL
999 _c24169
_d24169